|
|
|
|
| LEADER |
01839nam a2200481 a 4500 |
| 001 |
nkc20102132790 |
| 003 |
CZ PrNK |
| 005 |
20110304152405.0 |
| 007 |
ta |
| 008 |
101020s2010 xr g 000 j cze |
| 015 |
|
|
|a cnb002132790
|
| 020 |
|
|
|a 978-80-7252-316-0
|q (brož.)
|
| 035 |
|
|
|a (OCoLC)707608223
|
| 040 |
|
|
|a BOA001
|b cze
|
| 041 |
1 |
|
|a cze
|h eng
|
| 072 |
|
7 |
|a 17
|x Etika. Morální filozofie
|2 Konspekt
|9 5
|
| 080 |
|
|
|a 173.5/.7
|2 MRF
|
| 080 |
|
|
|a 173.5-055.52
|2 MRF
|
| 080 |
|
|
|a (0:82-32)
|2 MRF
|
| 100 |
1 |
|
|a Canfield, Jack,
|d 1944-
|7 jn20000601120
|4 aut
|
| 245 |
1 |
0 |
|a Slepičí polévka pro lidskou duši.
|p Jaká matka, taková dcera : 101 nejlepších /
|c Jack Canfield, Mark Victor Hansen ; sestavila Amy Newmarková ; [z anglického originálu přeložila Petruše Klůfová]
|
| 246 |
3 |
0 |
|a Jaká matka, taková dcera
|
| 250 |
|
|
|a Vyd. 1.
|
| 260 |
|
|
|a Praha :
|b Práh,
|c 2010
|
| 300 |
|
|
|a 302 s. ;
|c 21 cm
|
| 650 |
0 |
7 |
|a matky a dcery
|7 ph124162
|2 czenas
|
| 650 |
0 |
7 |
|a rodičovství
|7 ph138908
|2 czenas
|
| 650 |
0 |
7 |
|a rodiče a děti
|7 ph116053
|2 czenas
|
| 650 |
0 |
9 |
|a mothers and daughters
|2 eczenas
|
| 650 |
0 |
9 |
|a parenting
|2 eczenas
|
| 650 |
0 |
9 |
|a parents and children
|2 eczenas
|
| 655 |
|
7 |
|a příběhy
|7 fd133204
|2 czenas
|
| 655 |
|
9 |
|a stories
|2 eczenas
|
| 700 |
1 |
|
|a Hansen, Mark Victor,
|d 1947-
|7 jn20001005307
|4 aut
|
| 700 |
1 |
|
|a Newmark, Amy
|7 xx0127662
|4 com
|
| 765 |
0 |
|
|t Chicken soup for the soul. Like mother, like daughter
|9 Česky
|
| 765 |
1 |
|
|t Like mother, like daughter
|9 Česky
|
| 856 |
4 |
1 |
|u http://www.digitalniknihovna.cz/mzk/uuid/uuid:dfe90800-3cad-11e8-84e3-005056827e52
|y Digitalizovaný dokument
|x NDK
|
| 910 |
2 |
|
|a BOA001
|b 2-1259.378
|
| 990 |
|
|
|a BK
|
| 995 |
|
|
|a 01
|
| 991 |
|
|
|b 201102
|e b
|
| 996 |
6 |
|
|b 2610462460
|c 2-1259.378
|l MZK
|r Sklad / do 1 hodiny
|n 3
|p p.v.
|w 001166546
|u 000010
|a 1
|e BOA001
|j MZK50
|s P
|